00784cam a2200205 a 450000100100000000500170001000800410002704000250006808200150009310000240010824501310013226000590026330000190032250000290034170000300037070000330040004900090043395201190044299900170056100001977520200929170132.0100706s1967 ag 000 0 spa d aDO-SdBNPbspacBNPHU axxxbH866g1 aHowse, W. L.94224610aGuiando a los jóvenes en el estudio de la biblia /cW. L. Howse ; traducción José Rivas ; revisión José Tomás Poe. aBuenos Aires :bCasa Bautista de publicaciones,c1967. a154. ;c18 cm. aEdición revisada 1967.1 aRivas, Joséetr.9422471 aPoe, José Tomás,0942248 aBNGR 001052708MOaGRbGRcCTd2010-07-06iLF1l0oxxx H866gp19775-10r2020-06-25w2020-06-25y2ZPréstamo interno c19289d19289